000
00313nam a22001337a 4500
008
170306b xxu||||| |||| 00| 0 eng d
020
_a
1550091042
041
_a
eng
080
_a
611
100
_a
6
101
_a
SHM
245
_a
GASTROINTESTINAL MOTILITY IN HEALTH AND DISEASE
_c
SCHUSTER.M.M
942
_2
udc
_c
BK
999
_c
6888
_d
6888